000 01898nam a22002177a 4500
999 _c60409
_d60409
003 Ge_BSU
005 20230713103302.0
008 230713s2023ge xxu||||| |||| 00| 0 geo d
041 _ageo
080 _a902/904 დ-22
100 _aდარჩიძე, თამაზ
_919287
245 _aბიზანტია და სამხრეთ-დასავლეთი საქართველო ახ. წ. IV-VII საუკუნეებში
_bდისერტაცია: წარმოდგენილია არქეოლოგიის დოქტორის აკადემიური ხარისხის მოსაპოვებლად /
_cთამაზ დარჩიძე; სამენ.ხელმძღ: ა.კახიძე, შ.მამულაძე.
264 _aბათუმი :
_bშოთა რუსთაველის სახელმწიფო უნივერსიტეტი,
_c2023.
300 _a215 გვ.:
_b;ილ.:
_c30 სმ.
653 _aბიზანტია და სამხრეთ-დასავლეთი საქართველო ახ. წ. IV-VII საუკუნეებში
653 _aისტორია
700 _aკახიძე, ა
_eსამეცნიერო ხელმძღვანელი
_919288
700 _aმამულაძე, შ
_eსამეცნიერო ხელმძღვანელი
_919289
710 _aბათუმის შოთა რუსთაველის სახელმწიფო უნვერსიტეტი ჰუმანიტარულ მეცნიერებათა ფაკულტეტი ისტორიის, არქეოლოგიისა და ეთნოლოგიის დეპარტამენტი
_919290
942 _2udc
_cDS